Statistics for Central America Flags Map Quiz

Click here to take the quiz!

General Stats

  • This quiz has been taken 4,062 times
  • The average score is 10 of 14

Answers on the Map

Answers color-coded by a green-red scale on the quiz's map according to % correct below.
 

Answer Stats

Answer% Correct
86%
82%
79%
75%
73%
71%
71%
70%
69%
68%
68%
64%
62%
59%

Score Distribution

Percentile by Number Answered

Percent of People with Each Score

Your Score History

You have not taken this quiz